[Event "op"]
[Site "Oberwart"]
[Date "1997.07.06"]
[Round "2"]
[White "Kranz, Armin"]
[Black "Zelcic, Robert"]
[Result "0-1"]
[WhiteElo "2130"]
[BlackElo "2455"]
[PlyCount "100"]
[EventDate "1997.07.06"]

1. d4 c5 2. dxc5 e6 3. Be3 Qc7 4. Nf3 Bxc5 5. Bxc5 Qxc5 6. Qd4 Qxd4 7. Nxd4 d5
8. e3 a6 9. c4 dxc4 10. Bxc4 b5 11. Bb3 Bb7 12. Nd2 Ne7 13. O-O Nbc6 14. N2f3
Nxd4 15. Nxd4 Nc6 16. Nxc6 Bxc6 17. Rac1 Kd7 18. Rfd1+ Kc7 19. Rd3 Rac8 20.
Rdc3 Kb7 21. Bd1 Rhd8 22. g3 a5 23. Rxc6 Rxd1+ 24. Rxd1 Rxc6 25. Rd2 Rc1+ 26.
Kg2 Kb6 27. Kf3 Ra1 28. a3 a4 29. Ke4 Rc1 30. h4 h5 31. Kf3 Rc4 32. Ke2 Rc1 33.
Rd8 e5 34. Rb8+ Ka6 35. Rd8 e4 36. Rd7 Rb1 37. Rd2 Ka5 38. f3 f5 39. fxe4 fxe4
40. Rc2 Rh1 {} 41. Kd2 Rh2+ 42. Kc3 Rxc2+ 43. Kxc2 b4 44. axb4+ Kxb4 45. Kd2
Kb3 46. Kc1 a3 47. bxa3 Kxa3 48. Kc2 Kb4 49. Kb2 Kc4 50. Kc2 g6 0-1

[Event "op"]
[Site "Oberwart"]
[Date "1997.07.06"]
[Round "2"]
[White "Ruck, Robert"]
[Black "Nagy, Bence"]
[Result "1-0"]
[WhiteElo "2450"]
[BlackElo "2106"]
[PlyCount "53"]
[EventDate "1997.07.06"]

1. c4 Nf6 2. g3 c5 3. Bg2 g6 4. Nc3 Bg7 5. Nf3 O-O 6. O-O Nc6 7. d4 cxd4 8.
Nxd4 Nxd4 9. Qxd4 d6 10. Qd3 a6 11. Rd1 Bf5 12. e4 Be6 13. Bd2 Rc8 14. b3 Nd7
15. Rac1 Nc5 16. Qe2 b6 17. Be3 Re8 18. b4 Bxc4 19. Qxc4 Na4 {} 20. Qxc8 Qxc8
21. Nxa4 Qe6 22. Rc2 b5 23. Nb6 h6 24. Nd5 Rb8 25. Rc7 Bf8 26. Rd2 Rc8 27. Nf4
1-0

[Event "op"]
[Site "Oberwart"]
[Date "1997.07.06"]
[Round "2"]
[White "Halser, Walter"]
[Black "Farago, Ivan"]
[Result "0-1"]
[WhiteElo "2100"]
[BlackElo "2440"]
[PlyCount "74"]
[EventDate "1997.07.06"]

1. e4 c5 2. Nc3 e6 3. f4 Nc6 4. Bb5 Nge7 5. Nf3 a6 6. Bxc6 Nxc6 7. O-O Be7 8.
a4 O-O 9. d3 d5 10. Bd2 dxe4 11. dxe4 b6 12. Qe1 Nd4 13. Rc1 Bb7 14. Nxd4 cxd4
15. Nd1 Qd7 16. Bb4 Bxb4 17. Qxb4 Bxe4 18. Nf2 Bc6 19. Nd3 Qd5 20. Rf3 Qa5 21.
Qxa5 bxa5 22. Rf2 Bxa4 23. Ra1 Bb5 24. Rxa5 Rfc8 25. Rd2 f6 26. Ne1 e5 27. Kf2
Re8 28. Ra3 Ra7 29. c3 dxc3 30. Rxc3 exf4 31. Nf3 g5 32. h4 h6 33. Nh2 Rae7 34.
Rcc2 Re1 35. Rd6 g4 36. g3 R8e3 37. Rc3 R3e2# {} 0-1

[Event "op"]
[Site "Oberwart"]
[Date "1997.07.06"]
[Round "2"]
[White "Weiss, Christian"]
[Black "Danner, Georg"]
[Result "0-1"]
[WhiteElo "2315"]
[BlackElo "2430"]
[PlyCount "202"]
[EventDate "1997.07.06"]

1. d4 Nf6 2. Nc3 d5 3. Bg5 Bf5 4. e3 e6 5. g4 Bg6 6. Nge2 h6 7. Bh4 Be7 8. Nf4
Bh7 9. Bg3 c5 10. h4 cxd4 11. exd4 Qa5 12. Bd3 Bxd3 13. Qxd3 Nc6 14. f3 Rc8 15.
Nfe2 a6 16. O-O Qd8 17. Kg2 Bd6 18. Rh1 Ne7 19. h5 Bxg3 20. Nxg3 Qc7 21. Rae1
Qc4 22. Qe3 Qb4 23. Rb1 b5 24. Rhc1 Rc6 25. a3 Qd6 26. Nce2 O-O 27. c3 Nh7 28.
Re1 f5 29. Qe5 Qxe5 30. dxe5 fxg4 31. fxg4 Ng5 32. Nd4 Rcc8 33. Rf1 Nc6 34.
Nxc6 Rxc6 35. Ne2 Rc7 36. Nd4 Rff7 37. Rxf7 Kxf7 38. Kf2 Ke7 39. Ke3 Nf7 40.
Kf4 Rc8 41. Re1 Rf8 42. Kg3 Ng5 43. a4 bxa4 44. Ra1 Ne4+ 45. Kh3 Nc5 46. Kg3
Kd7 47. Nf3 Rb8 48. Ra2 Rb6 49. g5 hxg5 50. Kg4 Ne4 51. Nxg5 Nf2+ 52. Kh4 Nd3
53. Nf3 Nxb2 54. Kg5 Rb7 55. Kg6 Ke8 56. Nd4 Nd3 57. Nxe6 Nxe5+ 58. Kf5 Nc4 59.
Rxa4 Rf7+ 60. Kg5 a5 61. Nf4 Rd7 62. Kg6 Ne5+ 63. Kf5 Nc6 64. Ne6 Rf7+ 65. Kg5
Ra7 66. Kf5 Kf7 67. Rg4 Kg8 68. Ra4 Rf7+ 69. Kg5 Rf3 70. Nd4 Rxc3 71. Nxc6 Rxc6
72. Rxa5 Rd6 73. Ra8+ Kh7 74. Kf5 d4 75. Ke5 Rd7 76. Ke6 Rb7 77. Rd8 Rb5 78.
Rxd4 Kh6 79. Rg4 Rxh5 {} 80. Rg1 Rb5 81. Rh1+ Kg6 82. Rg1+ Rg5 83. Rh1 Rg4 84.
Ke5 Kg5 85. Rf1 g6 86. Rh1 Rg3 87. Ke4 Kg4 88. Ke5 g5 89. Kf6 Rg2 90. Ra1 Rf2+
91. Kg6 Rg2 92. Ra3 Kh4 93. Kf5 Rf2+ 94. Ke4 g4 95. Ra8 g3 96. Rh8+ Kg4 97. Ke3
Rf7 98. Rh6 g2 99. Rg6+ Kh3 100. Ke2 Kh2 101. Rh6+ Kg1 {Zeitueberschreitung.}
0-1

[Event "op"]
[Site "Oberwart"]
[Date "1997.07.06"]
[Round "2"]
[White "Kiss, Attila"]
[Black "Petschar, Hans"]
[Result "1-0"]
[WhiteElo "2425"]
[BlackElo "2062"]
[PlyCount "107"]
[EventDate "1997.07.06"]

1. d4 g6 2. e4 Bg7 3. Nf3 d6 4. Nc3 Nf6 5. Be2 O-O 6. O-O c6 7. Re1 d5 8. e5
Ne4 9. Nxe4 dxe4 10. Ng5 c5 11. c3 cxd4 12. cxd4 Nc6 13. Be3 Nb4 14. Qb3 Nd3
15. Red1 Qb6 16. Nxe4 Qxb3 17. axb3 Nb4 18. Rac1 Bf5 19. Nc5 Bc2 20. Rd2 b6 21.
Na6 Nxa6 22. Bxa6 Bxb3 23. Rc7 e6 24. f4 Rfd8 25. Rd3 Bd5 26. Rdc3 Bf8 27. g4
Bb4 28. Rc1 b5 29. Bb7 Bxb7 30. Rxb7 Ba5 31. Rxb5 Bb6 32. Rc4 Rd7 33. Kf2 Rad8
34. Rbb4 Rd5 35. Kf3 Ra5 36. Ke4 Ra1 37. Rb3 Rh1 38. Rc2 Re1 39. Rd3 Ra1 40. f5
gxf5+ 41. gxf5 exf5+ 42. Kxf5 Rf1+ 43. Rf2 Rxf2+ 44. Bxf2 Rc8 45. Bh4 Rc1 46.
Be7 Rf1+ 47. Ke4 h5 48. Rg3+ Kh7 49. d5 Re1+ 50. Kf5 Re2 51. Rh3 Rf2+ 52. Kg5
Rg2+ 53. Kxh5 Bd4 54. Bf6 {} 1-0

[Event "op"]
[Site "Oberwart"]
[Date "1997.07.06"]
[Round "2"]
[White "Hofbauer, Peter"]
[Black "Mhady, Khaled"]
[Result "0-1"]
[WhiteElo "2095"]
[BlackElo "2425"]
[PlyCount "28"]
[EventDate "1997.07.06"]

1. e4 e5 2. Nf3 Nc6 3. d4 exd4 4. Nxd4 Bc5 5. Be3 Qf6 6. c3 Nge7 7. Nc2 d6 8.
Bxc5 dxc5 9. Be2 Qg6 10. Bf3 Be6 11. Ne3 Rd8 12. Qe2 O-O 13. O-O Ne5 14. Na3 {
} 14... Rd2 0-1

[Event "op"]
[Site "Oberwart"]
[Date "1997.07.06"]
[Round "2"]
[White "Rogulj, Branko"]
[Black "Schwaninger, Wolfgang"]
[Result "1-0"]
[WhiteElo "2425"]
[BlackElo "2060"]
[PlyCount "103"]
[EventDate "1997.07.06"]

1. e4 g6 2. d4 d6 3. Nc3 Bg7 4. f4 c6 5. Nf3 Bg4 6. Be3 e6 7. h3 Bxf3 8. Qxf3
Ne7 9. g4 Qa5 10. O-O-O Nd7 11. f5 d5 12. exd5 Nxd5 13. fxe6 fxe6 14. Nxd5 Qxd5
15. Qxd5 exd5 16. g5 O-O 17. Bd3 Rf3 18. Kd2 Re8 19. Rde1 b5 20. h4 Nf8 21. c3
a5 22. Rhf1 Rh3 23. Bf2 Re6 24. Re2 a4 25. Be1 Rxe2+ 26. Bxe2 b4 27. Bg4 bxc3+
28. bxc3 Rh2+ 29. Rf2 Rxf2+ 30. Bxf2 {} 30... Kf7 31. Bd1 a3 32. Ba4 Nd7 33.
Bxc6 Nb6 34. Kc2 Ke6 35. Kb3 Bf8 36. Bb5 Bd6 37. Bd3 Nc8 38. c4 dxc4+ 39. Kxc4
Nb6+ 40. Kb5 Nc8 41. Bf1 Ne7 42. Bh3+ Kd5 43. Bg2+ Ke6 44. Kc4 Kf5 45. Bh3+ Kf4
46. Bd7 Ke4 47. d5 Nf5 48. Bxf5+ gxf5 49. h5 f4 50. g6 hxg6 51. hxg6 Bf8 52. d6
1-0

[Event "op"]
[Site "Oberwart"]
[Date "1997.07.06"]
[Round "2"]
[White "Amann, Guenter"]
[Black "Karpatchey, Aleksandr"]
[Result "0-1"]
[WhiteElo "2083"]
[BlackElo "2390"]
[PlyCount "64"]
[EventDate "1997.07.06"]

1. e4 Nc6 2. Nf3 e5 3. Bb5 f5 4. d3 fxe4 5. dxe4 Nf6 6. O-O Bc5 7. Nc3 d6 8.
Be3 Bb6 9. Qd3 O-O 10. Bxb6 axb6 11. Bxc6 bxc6 12. Qc4+ Kh8 13. Qxc6 Bd7 14.
Qc4 Nh5 15. Kh1 Nf4 16. Nd5 Ra4 {} 17. Qxc7 Qxc7 18. Nxc7 Rc4 19. Nd5 Nxd5 20.
exd5 Rxc2 21. b4 Bb5 22. Rfc1 Rxf2 23. a4 Bd3 24. a5 bxa5 25. bxa5 e4 26. Kg1
Rb2 27. Nd4 e3 28. Ne6 Re8 29. Re1 Be4 30. Rxe3 Bxd5 31. a6 Rxg2+ 32. Kf1 Rxh2
0-1

[Event "op"]
[Site "Oberwart"]
[Date "1997.07.06"]
[Round "2"]
[White "Baumegger, Siegfried"]
[Black "Sepetavc, Walter"]
[Result "1-0"]
[WhiteElo "2360"]
[BlackElo "2030"]
[PlyCount "61"]
[EventDate "1997.07.06"]

1. d4 d5 2. c4 e6 3. Nc3 Nf6 4. Bg5 Be7 5. e3 h6 6. Bxf6 Bxf6 7. Nf3 O-O 8. Rc1
Re8 9. Qd2 c6 10. Bd3 dxc4 11. Bxc4 Nd7 12. Ne4 Qe7 13. O-O e5 14. Rfe1 b5 15.
Bb3 Bb7 16. d5 Rec8 17. d6 {} 17... Qe8 18. Red1 Rd8 19. a4 Rac8 20. axb5 cxb5
21. Bd5 Bxd5 22. Qxd5 Rxc1 23. Rxc1 Nb6 24. Qd3 Rc8 25. Rxc8 Qxc8 26. Nxf6+
gxf6 27. g3 Qd7 28. Nh4 Nc4 29. Nf5 Nxb2 30. Qe4 Qe6 31. d7 1-0

[Event "op"]
[Site "Oberwart"]
[Date "1997.07.06"]
[Round "2"]
[White "Karlusch, Albrecht"]
[Black "Kummer, Helmut"]
[Result "0-1"]
[WhiteElo "2040"]
[BlackElo "2350"]
[PlyCount "54"]
[EventDate "1997.07.06"]

1. e4 g6 2. d4 Bg7 3. Nc3 d6 4. Be3 c6 5. Qd2 Nd7 6. g4 b5 7. g5 Bb7 8. Bg2 Nb6
9. b3 e6 10. Rd1 h5 11. d5 b4 12. Nce2 exd5 13. Qxb4 Ne7 14. exd5 cxd5 15. Nd4
O-O 16. Nge2 Ba6 17. Rd2 Re8 18. Qa3 Bxe2 19. Rxe2 Bxd4 20. Bxd4 Nf5 21. Bf6
Qc7 22. Qb2 Qc5 23. Bh3 Rxe2+ 24. Kxe2 Re8+ 25. Kf1 d4 26. a4 Qd5 27. Rg1 Ne3+
{} 0-1

[Event "op"]
[Site "Oberwart"]
[Date "1997.07.06"]
[Round "2"]
[White "Kornthaler, Reinhard"]
[Black "Kovacs, Gabor"]
[Result "1/2-1/2"]
[WhiteElo "2025"]
[BlackElo "2325"]
[PlyCount "102"]
[EventDate "1997.07.06"]

1. e4 Nf6 2. e5 Nd5 3. d4 d6 4. Nf3 dxe5 5. Nxe5 g6 6. Bc4 c6 7. O-O Bg7 8. Bb3
O-O 9. c4 Nb6 10. Bf4 Be6 11. c5 Nd5 12. Bg3 Nd7 13. Nc3 N7f6 14. h3 Qc8 15.
Qf3 Rd8 16. Rfd1 Nb4 17. Ba4 Nd7 18. a3 Nd5 19. b4 Nxe5 20. dxe5 a5 21. Nxd5
Bxd5 22. Qc3 axb4 23. axb4 Qe6 24. Bc2 h5 25. Rxa8 Rxa8 26. Ra1 Qc8 27. Bh4 Kf8
28. Bg5 Ke8 29. Bd3 Qb8 30. Bf4 Qd8 31. Qc1 Rxa1 32. Qxa1 Bb3 33. Be4 Qd1+ 34.
Qxd1 Bxd1 35. Kf1 Kd7 36. Bg3 Bh6 37. Ke1 Bb3 38. f4 Ke6 39. Ke2 Bd5 40. Kd3 h4
41. Bh2 f5 42. exf6 exf6 43. Kd4 Bxe4 44. Kxe4 f5+ 45. Kd4 Bg7+ 46. Kc4 Bb2 47.
Bg1 Bc1 48. Bf2 Bxf4 49. Bxh4 Ke5 50. Kd3 Kd5 51. Be1 Be5 {
 und noch weitere 30 Zuege!} 1/2-1/2

[Event "op"]
[Site "Oberwart"]
[Date "1997.07.06"]
[Round "2"]
[White "Kuba, Guenther"]
[Black "Kunz, Konstantin"]
[Result "1-0"]
[WhiteElo "2205"]
[BlackElo "2295"]
[PlyCount "73"]
[EventDate "1997.07.06"]

1. e4 e6 2. d4 b6 3. Bd3 Bb7 4. Nf3 c5 5. c3 d6 6. O-O Nf6 7. Qe2 Be7 8. Re1
Nfd7 9. a4 O-O 10. Nbd2 cxd4 11. Nxd4 Nc6 12. N2f3 Re8 13. h3 Bf6 14. Nb5 Nde5
15. Bf4 a6 16. Na3 Qc7 17. Nc4 Nxf3+ 18. Qxf3 Rad8 19. Rad1 Na7 20. Qg3 e5 21.
Bg5 Bxg5 22. Qxg5 Nc8 23. Ne3 Ne7 24. Bc2 Bc8 25. Rd2 Be6 26. Bd3 a5 27. Qh5 f6
28. Red1 Rf8 29. Qe2 Kh8 30. Bc4 Bd7 31. Bb3 Bc6 32. Qc4 Qb7 33. Rxd6 Rxd6 34.
Rxd6 Bxe4 35. Qe6 Nc8 36. Rd7 Qc6 37. Qf7 {} 1-0

[Event "op"]
[Site "Oberwart"]
[Date "1997.07.06"]
[Round "2"]
[White "Angerer, Michael"]
[Black "Schwab, Rene"]
[Result "0-1"]
[WhiteElo "2000"]
[BlackElo "2280"]
[PlyCount "88"]
[EventDate "1997.07.06"]

1. d4 d5 2. h3 c6 3. Nf3 Bf5 4. Nh4 Be4 5. e3 e6 6. Nf3 Nd7 7. Nbd2 Bg6 8. b3
Bd6 9. Bb2 Nh6 10. c4 O-O 11. g4 f6 12. Bg2 Rc8 13. Qe2 Qe7 14. Nh4 Bf7 15. c5
Bc7 16. Nhf3 e5 17. b4 Rfe8 18. Nb3 b6 19. b5 cxb5 20. Qxb5 bxc5 21. dxc5 Rb8
22. Qc6 Nxc5 23. O-O Nxb3 24. axb3 Bb6 25. g5 Nf5 26. Ba3 Qe6 27. Qa4 e4 28.
Nd4 Nxd4 29. exd4 fxg5 30. Rac1 Rbc8 31. Bc5 e3 32. fxe3 Qxe3+ 33. Kh1 h5 34.
Qd7 Rc7 35. Qf5 g4 36. Bxd5 Qxh3+ 37. Kg1 Qe3+ 38. Kh1 Bxd5+ 39. Qxd5+ Re6 40.
Rf8+ Kh7 41. Qf5+ Rg6 42. Rf1 Rxc5 {} 43. Rh8+ Kxh8 44. Qxg6 Rc8 0-1

[Event "op"]
[Site "Oberwart"]
[Date "1997.07.06"]
[Round "2"]
[White "Korn, Andreas"]
[Black "Brandner, Stefan"]
[Result "0-1"]
[WhiteElo "1995"]
[BlackElo "2265"]
[PlyCount "26"]
[EventDate "1997.07.06"]

1. d4 d5 2. c4 e6 3. Nc3 c5 4. cxd5 cxd4 5. Qa4+ Bd7 6. Qxd4 exd5 7. Nxd5 Nc6
8. Qd1 Nf6 9. Nf3 Nxd5 10. Qxd5 Nb4 11. Qe4+ Be7 12. a3 Ba4 13. Nd4 Qxd4 {}
0-1

[Event "op"]
[Site "Oberwart"]
[Date "1997.07.06"]
[Round "2"]
[White "Pingitzer, Harald"]
[Black "Zsifkovits, Robert"]
[Result "1-0"]
[WhiteElo "2260"]
[BlackElo "2024"]
[PlyCount "96"]
[EventDate "1997.07.06"]

1. Nf3 d5 2. d4 c6 3. c4 e6 4. Nc3 f5 5. Bf4 Nf6 6. e3 Be7 7. Be2 O-O 8. O-O b6
9. Rc1 Bb7 10. Qc2 Ne4 11. Nxe4 fxe4 12. Ne5 Bf6 13. Bg4 Qe7 14. a3 Bxe5 15.
Bxe5 Nd7 16. Bg3 Nf6 17. Be2 Nd7 18. b4 Kh8 19. Rfe1 Rac8 20. c5 Qf6 21. f3
exf3 22. Bxf3 Rce8 23. Bd6 Rf7 24. Bh5 g6 25. Rf1 Qg7 26. Rxf7 Qxf7 27. Rf1 Qg7
28. Be2 e5 29. Qa4 a6 30. Qd1 exd4 31. exd4 b5 32. Bg4 Kg8 33. Rf4 Bc8 34. h4
h6 35. Qf3 Nf8 36. Bxc8 Rxc8 37. Be5 Qe7 38. h5 Nd7 39. Qg4 g5 40. Rf6 {}
40... Nxf6 41. Qxc8+ Qe8 42. Qf5 Nxh5 43. g4 Ng7 44. Qf6 Qd7 45. Kh2 Qf7 46.
Qxh6 Qf2+ 47. Kh3 Qf3+ 48. Kh2 Qf2+ 1-0

[Event "op"]
[Site "Oberwart"]
[Date "1997.07.06"]
[Round "2"]
[White "Strodl, Joachim"]
[Black "Somogyi, Istvan"]
[Result "0-1"]
[WhiteElo "1981"]
[BlackElo "2255"]
[PlyCount "72"]
[EventDate "1997.07.06"]

1. e4 c5 2. Nc3 Nc6 3. f4 g6 4. Nf3 Bg7 5. Be2 e6 6. O-O Nge7 7. d3 O-O 8. Kh1
Rb8 9. Be3 d6 10. d4 d5 11. e5 f6 12. exf6 Bxf6 13. g4 a6 14. Ne5 cxd4 15. Bxd4
Nxd4 16. Qxd4 Nc6 17. Nxc6 bxc6 18. Qd3 Rxb2 19. Rab1 Rxb1 20. Nxb1 Bg7 21. Nd2
Qc7 22. Qe3 e5 23. fxe5 Rxf1+ 24. Nxf1 Qxe5 25. Kg2 Qxe3 26. Nxe3 Kf7 27. h4 a5
28. Kf3 Ke6 29. Bd3 Bd4 30. Ng2 Be5 31. h5 Kf6 32. hxg6 hxg6 33. Nh4 Kg5 34.
Nxg6 Bxg4+ 35. Ke3 Bd6 36. Kd4 Be6 {} 0-1

[Event "op"]
[Site "Oberwart"]
[Date "1997.07.06"]
[Round "2"]
[White "Nielsen, Max"]
[Black "Laschet, Ewald"]
[Result "1-0"]
[WhiteElo "2255"]
[BlackElo "2005"]
[PlyCount "53"]
[EventDate "1997.07.06"]

1. e4 c6 2. d4 d5 3. e5 Bf5 4. Nc3 e6 5. g4 Bg6 6. Nge2 c5 7. h4 h6 8. Be3 Nc6
9. dxc5 Nxe5 10. Nd4 a6 11. f4 Nc6 12. Qe2 Be7 13. O-O-O Nf6 14. Bg2 Rc8 15. h5
Bh7 16. g5 Nd7 17. g6 {} 17... Nxd4 18. Bxd4 fxg6 19. Qxe6 Rf8 20. Nxd5 gxh5
21. Nxe7 Qxe7 22. Qxe7+ Kxe7 23. Rhe1+ Kd8 24. Bxb7 Kc7 25. Bxc8 Kxc8 26. Bxg7
Rxf4 27. c6 1-0

[Event "op"]
[Site "Oberwart"]
[Date "1997.07.06"]
[Round "2"]
[White "Spoerk, Rainer"]
[Black "Reisinger, Eduard"]
[Result "1-0"]
[WhiteElo "2050"]
[BlackElo "1494"]
[PlyCount "33"]
[EventDate "1997.07.06"]

1. e4 e5 2. Nf3 Nc6 3. d4 exd4 4. Nxd4 Nxd4 5. Qxd4 d6 6. Bc4 h6 7. Nc3 Nf6 8.
e5 dxe5 9. Bxf7+ Ke7 10. Qc4 c6 11. Be3 Qc7 12. O-O-O Bd7 13. Nb5 Qb8 14. Rxd7+
Kxd7 15. Qe6+ Kd8 16. Rd1+ Nd5 17. Qe8# {} 1-0

[Event "op"]
[Site "Oberwart"]
[Date "1997.07.06"]
[Round "2"]
[White "Allacher, Erwin"]
[Black "Pevny, Karl"]
[Result "1-0"]
[WhiteElo "2098"]
[BlackElo "1689"]
[PlyCount "37"]
[EventDate "1997.07.06"]

1. d4 g6 2. c4 Bg7 3. e4 c6 4. Nc3 e6 5. Be2 d5 6. Nf3 dxe4 7. Nxe4 Nf6 8.
Nxf6+ Qxf6 9. Bg5 Qf5 10. Qd2 e5 11. dxe5 O-O 12. O-O Bxe5 13. Bd3 Qe6 14. Nxe5
Qxe5 15. Rfe1 Qh8 16. Bh6 Rd8 17. Bxg6 hxg6 18. Qxd8+ Kh7 19. Qxh8+ {.} 1-0

[Event "op"]
[Site "Oberwart"]
[Date "1997.07.06"]
[Round "2"]
[White "Seifert, Milan"]
[Black "Medvegy, Zoltan"]
[Result "0-1"]
[WhiteElo "2240"]
[BlackElo "2295"]
[PlyCount "124"]
[EventDate "1997.07.06"]

1. g3 g6 2. Bg2 Bg7 3. Nf3 Nf6 4. d3 O-O 5. O-O c5 6. Nc3 Nc6 7. Bg5 h6 8. Bd2
Rb8 9. e4 d6 10. Nh4 Nd4 11. Ne2 e5 12. Nxd4 cxd4 13. c3 Bg4 14. Qe1 Qb6 15. h3
Be6 16. Qc1 Qb5 17. c4 Qd7 18. Kh2 g5 19. Nf3 Nh7 20. g4 b5 21. b3 f6 22. Ng1
Bf7 23. Bf3 Be6 24. Qd1 Rfc8 25. Ne2 h5 26. Ng3 h4 27. Nf5 Bf8 28. Qe2 bxc4 29.
dxc4 Qc7 30. Rfd1 a5 31. Bg2 Rb7 32. f4 Bxf5 33. exf5 gxf4 34. Qe4 Ra7 35. Qd5+
Kg7 36. a4 Ng5 37. Re1 Qc5 38. Qxc5 dxc5 39. Bd5 Bd6 40. Rf1 Rb8 41. Rab1 Ra6
42. Be1 Rab6 43. Bxh4 Rxb3 44. Rxb3 Rxb3 45. Bxg5 fxg5 46. h4 Kh6 47. h5 Rb4
48. Kg2 Rxa4 49. f6 d3 50. Kf3 Rb4 51. Rd1 Rb3 52. Ke4 a4 53. Rxd3 Rxd3 54.
Kxd3 e4+ {} 55. Bxe4 Be5 56. Kc2 Bxf6 57. Bc6 a3 58. Kb3 Bb2 59. Be4 Kg7 60.
Ka2 Kf6 61. h6 Ke5 62. Bd5 Kd4 0-1

[Event "op"]
[Site "Oberwart"]
[Date "1997.07.06"]
[Round "2"]
[White "Steiner, Karl"]
[Black "Titz, Heimo"]
[Result "1/2-1/2"]
[WhiteElo "1940"]
[BlackElo "2305"]
[PlyCount "80"]
[EventDate "1997.07.06"]

1. d4 Nf6 2. Nf3 b6 3. e3 Bb7 4. Be2 e6 5. O-O Be7 6. c4 O-O 7. Nc3 d5 8. b3
Nbd7 9. Bb2 c5 10. cxd5 Nxd5 11. Nxd5 Bxd5 12. Rc1 Qb8 13. Bc4 Bxc4 14. Rxc4
Rd8 15. Qe2 Qb7 16. Rc2 Rac8 17. Rfc1 Bf6 18. dxc5 Bxb2 19. c6 Rxc6 20. Rxc6
Bxc1 21. Rxc1 Nc5 22. Rd1 Rd5 23. Rxd5 Qxd5 24. Qd2 Qxd2 25. Nxd2 Kf8 26. Kf1
Ke7 27. Ke2 e5 28. b4 Na4 29. Kd3 b5 30. Ne4 a6 31. g4 f6 32. f4 Ke6 33. Nc3
Nxc3 34. Kxc3 exf4 35. exf4 h5 36. h3 hxg4 37. hxg4 Kd5 38. Kd3 g5 39. f5 Ke5
40. Ke3 Kd5 {.} 1/2-1/2

[Event "op"]
[Site "Oberwart"]
[Date "1997.07.06"]
[Round "2"]
[White "Westermayer, Johann"]
[Black "Zwinger, Stefan"]
[Result "0-1"]
[WhiteElo "1603"]
[BlackElo "1818"]
[PlyCount "80"]
[EventDate "1997.07.06"]

1. e4 e5 2. Nf3 Nc6 3. Bb5 a6 4. Ba4 f5 5. Nc3 b5 6. Bb3 b4 7. Nd5 fxe4 8. Ng1
Nf6 9. d3 exd3 10. Qxd3 Nd4 11. Bg5 Nxb3 12. axb3 c6 13. Ne3 d5 14. Ne2 Bd6 15.
h3 O-O 16. Ng4 e4 17. Qd2 Be7 18. Bxf6 Bxf6 19. Qxb4 Bxb2 20. Ra2 Bf6 21. Qc5
Qc7 22. Ne3 Be6 23. O-O Be7 24. Qc3 c5 25. Qa1 Bf6 26. Qd1 d4 27. Ng4 Bh4 28.
g3 Be7 29. Qa1 Qb7 30. Nf4 Rxf4 31. gxf4 h5 32. Ne5 Bxh3 33. Re1 e3 34. f3 Bd6
35. Qd1 Rf8 36. Kh2 Rxf4 37. Kxh3 Bxe5 38. Kg2 Rg4+ 39. Kh3 Rg3+ 40. Kh2 Qd7 {
} 0-1

[Event "op"]
[Site "Oberwart"]
[Date "1997.07.07"]
[Round "3"]
[White "Mahdy, Khaled"]
[Black "Balinov, Ilia"]
[Result "1/2-1/2"]
[WhiteElo "2425"]
[BlackElo "2570"]
[PlyCount "70"]
[EventDate "1997.07.07"]

1. e4 c5 2. Nf3 e6 3. Nc3 a6 4. g3 Nc6 5. Bg2 d6 6. O-O Nf6 7. d4 cxd4 8. Nxd4
Bd7 9. Nde2 Be7 10. h3 b5 11. a3 Rb8 12. Nf4 O-O 13. g4 e5 14. Nfd5 Nxd5 15.
exd5 Na5 16. Ne4 Rc8 17. b3 f5 18. gxf5 Bxf5 19. a4 b4 20. Qd3 Nb7 21. Qxa6 Nc5
22. Nxc5 Rxc5 23. Be3 Rc3 24. Qb5 Qc8 25. Kh2 Bg5 26. Qxb4 Bf4+ 27. Bxf4 exf4
28. Rg1 Bxh3 {} 29. Qd4 g6 30. Rae1 Bxg2 31. Rxg2 Qh3+ 32. Kg1 Rxc2 33. Qe4
Qxb3 34. Rxg6+ hxg6 35. Qxg6+ Kh8 1/2-1/2

[Event "op"]
[Site "Oberwart"]
[Date "1997.07.07"]
[Round "3"]
[White "Beim, Valeri"]
[Black "Kiss, Attila"]
[Result "1-0"]
[WhiteElo "2555"]
[BlackElo "2425"]
[PlyCount "69"]
[EventDate "1997.07.07"]

1. Nf3 d6 2. c4 Bg4 3. d4 Nd7 4. Nc3 e5 5. e3 Ngf6 6. Be2 c6 7. h3 Bxf3 8. Bxf3
Be7 9. O-O O-O 10. b3 Re8 11. d5 c5 12. g3 a6 13. a4 Rb8 14. Bg2 b6 15. e4 Rf8
16. Qd3 Ne8 17. h4 Nc7 18. Bd2 Bf6 19. Bh3 Qe7 20. Nd1 h5 21. Qf3 Rb7 {} 22.
Qxh5 b5 23. axb5 axb5 24. Ne3 g6 25. Qg4 Ne8 26. h5 Kh7 27. hxg6+ fxg6 28. Kg2
Bg7 29. Rh1 Ndf6 30. Qe2 Kg8 31. Be6+ Rf7 32. Nd1 bxc4 33. bxc4 Nc7 34. Bxf7+
Qxf7 35. Nc3 1-0

[Event "op"]
[Site "Oberwart"]
[Date "1997.07.07"]
[Round "3"]
[White "Karpatchev, Aleksandr"]
[Black "Loginov, Valery"]
[Result "1/2-1/2"]
[WhiteElo "2390"]
[BlackElo "2555"]
[PlyCount "51"]
[EventDate "1997.07.07"]

1. e4 c5 2. c3 d5 3. exd5 Qxd5 4. d4 Nf6 5. Nf3 Bg4 6. Be2 e6 7. h3 Bh5 8. O-O
Nc6 9. Be3 cxd4 10. cxd4 Be7 11. Nc3 Qd6 12. g4 Bg6 13. Ne5 O-O 14. Bf4 Qd8 15.
Bf3 Nd5 16. Nxd5 exd5 17. Nxg6 hxg6 18. Be3 Bg5 19. Qb3 Bxe3 20. fxe3 Ne7 21.
Qxb7 Rb8 22. Qxa7 Rxb2 23. Rab1 Rxb1 24. Rxb1 Qd6 25. Bg2 Rc8 26. Qb7 {.}
1/2-1/2

[Event "op"]
[Site "Oberwart"]
[Date "1997.07.07"]
[Round "3"]
[White "Cvitan, Ognjen"]
[Black "Rogulj, Branko"]
[Result "1/2-1/2"]
[WhiteElo "2550"]
[BlackElo "2425"]
[PlyCount "71"]
[EventDate "1997.07.07"]

1. d4 Nf6 2. Nf3 g6 3. Bg5 Bg7 4. Nbd2 O-O 5. e3 d6 6. Bd3 c5 7. c3 cxd4 8.
exd4 Nc6 9. O-O Be6 10. Re1 a6 11. Bh4 Rc8 12. h3 Re8 13. Ne4 Bd5 14. Nxf6+
Bxf6 15. Bxf6 exf6 16. Rxe8+ Qxe8 17. Nd2 Na5 18. Nf1 f5 19. Ne3 Be4 20. Bf1 h5
21. f3 f4 22. fxe4 fxe3 23. Qf3 Qa4 24. Bd3 b5 25. b3 Qa3 26. Rf1 Rc7 {} 27.
Qf6 Nb7 28. Rf3 Qc1+ 29. Kh2 Qd2 30. e5 Qxd3 31. e6 fxe6 32. Qf8+ Kh7 33. Rf7+
Rxf7 34. Qxf7+ Kh6 35. Qf8+ Kh7 36. Qf7+ 1/2-1/2

[Event "op"]
[Site "Oberwart"]
[Date "1997.07.07"]
[Round "3"]
[White "Schwab, Rene"]
[Black "Votava, Jan"]
[Result "1-0"]
[WhiteElo "2280"]
[BlackElo "2530"]
[PlyCount "103"]
[EventDate "1997.07.07"]

1. e4 c5 2. Nf3 e6 3. c3 d5 4. Bb5+ Bd7 5. Bxd7+ Qxd7 6. exd5 Qxd5 7. d4 Nc6 8.
dxc5 Qxd1+ 9. Kxd1 Bxc5 10. Ke2 Nf6 11. Nbd2 h6 12. Nb3 Bb6 13. h3 e5 14. Rd1
e4 15. Nfd4 O-O-O 16. Nxc6 bxc6 17. Be3 Nd5 18. g3 Nxe3 19. Rxd8+ Rxd8 20. fxe3
h5 21. Rf1 f6 22. Nd2 Re8 23. Rf4 Bc7 24. Rxe4 Rxe4 25. Nxe4 f5 26. Nc5 Bxg3
27. Kf3 Be5 28. Nd3 Bd6 29. Nf4 h4 30. Ng6 Kd7 31. Nxh4 Ke6 32. e4 fxe4+ 33.
Kxe4 Be5 34. Nf5 Bf6 35. Ne3 Be5 36. Nc4 Bc7 37. a4 Kf6 38. Nd2 Ke6 39. Nf3 Kd6
40. Nd4 g6 41. b4 Bd8 42. c4 a5 43. c5+ {} 43... Kd7 44. b5 cxb5 45. axb5 a4
46. Nc2 Ke6 47. b6 g5 48. Na3 Bf6 49. Nb5 Be5 50. Nd4+ Kf6 51. c6 a3 52. Nc2
1-0

[Event "op"]
[Site "Oberwart"]
[Date "1997.07.07"]
[Round "3"]
[White "Agnos, Dimitri"]
[Black "Kuba, Guenther"]
[Result "1-0"]
[WhiteElo "2495"]
[BlackElo "2205"]
[PlyCount "83"]
[EventDate "1997.07.07"]

1. e4 e5 2. Nf3 Nc6 3. Bb5 a6 4. Ba4 Nf6 5. O-O Be7 6. Re1 b5 7. Bb3 d6 8. c3
O-O 9. h3 Na5 10. Bc2 c5 11. d4 Nc6 12. d5 Nb8 13. a4 Bb7 14. b3 Nbd7 15. Nbd2
Re8 16. Nf1 Bf8 17. Ng3 g6 18. Be3 h6 19. Qd2 Kh7 20. Bd3 bxa4 21. b4 Qc7 22.
Qe2 Bg7 23. Nd2 a5 24. b5 Nb6 25. c4 Bc8 26. Ra3 Re7 27. Nb1 Qd8 28. Nc3 Rea7
29. Rea1 h5 30. Nf1 Ng8 31. Nd2 Bh6 32. Nxa4 Bxe3 33. Qxe3 Nd7 34. Nb3 Nf8 35.
f4 Qf6 36. f5 Nd7 37. Nc3 Nh6 38. Rf1 gxf5 39. exf5 a4 40. Nd2 Nb6 41. Nde4 Qd8
42. f6 {} 1-0

[Event "op"]
[Site "Oberwart"]
[Date "1997.07.07"]
[Round "3"]
[White "Somogyi, Istvan"]
[Black "Stanec, Nikolaus"]
[Result "0-1"]
[WhiteElo "2255"]
[BlackElo "2460"]
[PlyCount "64"]
[EventDate "1997.07.07"]

1. d4 Nf6 2. c4 e6 3. Nf3 b6 4. e3 Bb7 5. Bd3 d5 6. Nc3 Nbd7 7. Qc2 Be7 8. b3
dxc4 9. Bxc4 a6 10. Bb2 b5 11. Bd3 c5 12. Qe2 cxd4 13. exd4 Nb6 14. O-O Nbd5
15. Nxd5 Nxd5 16. Be4 O-O 17. Ne5 Rc8 18. Rac1 Rxc1 19. Rxc1 Bd6 20. g3 Qa8 21.
Bb1 Nf6 22. f4 Rd8 23. Ng4 Nxg4 24. Qxg4 g6 25. Qe2 Bf8 26. Re1 Bg7 27. Qe3 h5
28. Kf2 Bd5 29. Be4 Rc8 30. Bxd5 Qxd5 31. Rd1 Rc2+ 32. Rd2 Rxb2 {} 0-1